00828cam a2200229 i 45000010005000000030008000050050017000130080041000300200015000710350018000860400032001040410008001360820022001441000029001662450153001952600042003483000037003904900060004275040030004876500039005177000042005566764BD-RjUL20211208234317.0120114s1976 nyua b 001 0 eng d a0471465100 a(BD-RjUL)6805 aDLCcDLCdDLCdBD-RjULbeng aeng00a658.403bKED 19761 aKeeney, Ralph L.,d1944-10aDecisions with multiple objectives :bpreferences and value tradeoffs /cRalph L. Keeney and Howard Raiffa, with a contribution by Richard F. Meyer. aNew York :aToronto ;bWiley,cc1976. axxviii, 569 p. :bill. ;c23 cm.0 aWiley series in probability and mathematical statistics aBibliography: p. 549-560. 0aMultiple criteria decision making.1 aRaiffa, Howard,d1924-ejoint author.